LEADER 03134nam 2200709 450 001 9910460701203321 005 20210511023905.0 010 $a3-11-055465-8 010 $a3-11-042322-7 010 $a3-11-042334-0 024 7 $a10.1515/9783110423228 035 $a(CKB)3710000000438919 035 $a(EBL)2073986 035 $a(SSID)ssj0001497117 035 $a(PQKBManifestationID)11883637 035 $a(PQKBTitleCode)TC0001497117 035 $a(PQKBWorkID)11494139 035 $a(PQKB)10588548 035 $a(MiAaPQ)EBC2073986 035 $a(DE-B1597)451689 035 $a(OCoLC)912235548 035 $a(OCoLC)979585207 035 $a(DE-B1597)9783110423228 035 $a(Au-PeEL)EBL2073986 035 $a(CaPaEBR)ebr11072767 035 $a(CaONFJC)MIL808488 035 $a(EXLCZ)993710000000438919 100 $a20150715h20152015 uy 0 101 0 $ager 135 $aurnnu---|u||u 181 $ctxt 182 $cc 183 $acr 200 10$aKant and the interests of reason /$fSebastian Raedler 210 1$aBerlin, Germany ;$aBoston, Massachusetts :$cDe Gruyter,$d2015. 210 4$d©2015 215 $a1 online resource (284 p.) 225 1 $aKantstudien-Erga?nzungshefte,$x0340-6059 ;$vBand 182 300 $aDescription based upon print version of record. 311 $a3-11-042323-5 311 $a3-11-042713-3 320 $aIncludes bibliographical references and index. 327 $tFront matter --$tContents --$tForeword --$tIntroduction --$t1. Humans as hybrids --$t2. A brief exercise in transcendental idealism --$t3. The moral law --$t4. The fact of reason --$t5. The will In the previous chapter --$t6. Value --$t7. The highest good --$t8. Aufklärung --$t9. Social life --$t10. Conclusion --$tBibliography --$tSubject index --$tIndex of names 330 $aThis essay argues that we can only develop a proper grasp of Kant's practical philosophy if we appreciate the central role played in his thought by the notion of the interests of reason. While it is generally acknowledged that Kant does not regard reason as a purely instrumental faculty, but sees it as endowed with its own essential interests, this book is the first to explain how the notion of the interests of reason lies at the heart of his philosophical project - and how it allows us to make sense of some of the most puzzling aspects of his practical philosophy. 410 0$aKantstudien.$pErga?nzungshefte ;$vBand 182. 606 $3(DE-601)106129074$3(DE-588)4063106-0$aVernunft$2gnd 606 $3(DE-601)106195921$3(DE-588)4047055-6$aPraktische Philosophie$2gnd 606 $aPHILOSOPHY / Ethics & Moral Philosophy$2bisacsh 608 $aElectronic books. 615 7$aVernunft 615 7$aPraktische Philosophie 615 7$aPHILOSOPHY / Ethics & Moral Philosophy. 676 $a193 686 $aCF 5017$2rvk 700 $aRaedler$b Sebastian$f1977-$01012554 801 0$bMiAaPQ 801 1$bMiAaPQ 801 2$bMiAaPQ 906 $aBOOK 912 $a9910460701203321 996 $aKant and the interests of reason$92351504 997 $aUNINA LEADER 01547nam 2200421z- 450 001 9910689677303321 005 20060901103355.0 035 $a(CKB)5860000000018845 035 $a(BIP)008926380 035 $a(EXLCZ)995860000000018845 100 $a20220406c2003uuuu -u- - 101 0 $aeng 200 10$aCargo containers $ethe next terrorist target? : hearing before the Committee on Governmental Affairs, United States Senate, One Hundred Eighth Congress, first session, March 20, 2003 215 $a1 online resource (iii, 106 p.) $cill 311 $a0-16-070459-6 517 $aCargo containers 606 $aUnitized cargo systems$zUnited States$xSafety measures 606 $aContainer terminals$xSecurity measures$zUnited States 606 $aHarbors$xSecurity measures$zUnited States 606 $aTerrorism$zUnited States$xPrevention 606 $aNational security$zUnited States 610 $aUnitized cargo systems 610 $aHarbors 610 $aTerrorism 610 $aNational security 610 $aBusiness & economics 610 $aTransportation 610 $aPolitical science 615 0$aUnitized cargo systems$xSafety measures. 615 0$aContainer terminals$xSecurity measures 615 0$aHarbors$xSecurity measures 615 0$aTerrorism$xPrevention. 615 0$aNational security 712 02$aUnited States, Congress Senate Committee on Governmental Affairs Staff,$4oth 906 $aBOOK 912 $a9910689677303321 996 $aCargo containers$93101904 997 $aUNINA